logo

Bir Sreshtho Munshi Abdur Rouf Library
Jhenaidah Cadet College

Handymans handbook / (Record no. 9729)

MARC details
000 -LEADER
fixed length control field 00696cam a2200253 4500
001 - CONTROL NUMBER
JCCL Control Number 9729
003 - CONTROL NUMBER IDENTIFIER
JCCL marc code BD-JhCC
005 - DATE AND TIME OF LATEST TRANSACTION
control field 20180327102806.0
008 - FIXED-LENGTH DATA ELEMENTS--GENERAL INFORMATION
fixed length control field 180324s1966 enka 000 0 eng
035 ## - SYSTEM CONTROL NUMBER
system control number (BD-JhCC)9729
040 ## - CATALOGING SOURCE
Original cataloging agency DLC
Transcribing agency DLC
Modifying agency DLC
-- BD-JhCC
041 ## - LANGUAGE CODE
Language code of Book eng
050 00 - LIBRARY OF CONGRESS CALL NUMBER
Classification number TT151
Item number .S7
082 00 - DEWEY DECIMAL CLASSIFICATION NUMBER
Classification number 643/.7
Author mark and Year STA 1966
100 1# - MAIN ENTRY--PERSONAL NAME
Personal name Stanton, George.
245 10 - TITLE STATEMENT
Title Handymans handbook /
Statement of responsibility, etc George Stanton,
260 ## - PUBLICATION, DISTRIBUTION, ETC. (IMPRINT)
Place of publication, distribution, etc London:
Name of publisher, distributor, etc Bancroft,
Date of publication, distribution, etc 1966.
300 ## - PHYSICAL DESCRIPTION
Pagination 255 p.
Other physical details illus., diagrs.
Dimensions 17 cm.
490 0# - SERIES STATEMENT
Series statement Bancroft handbooks
650 #0 - SUBJECT ADDED ENTRY--TOPICAL TERM
Topical term or geographic name as entry element Dwellings
General subdivision Maintenance and repair
-- Amateurs' manuals.
650 #0 - SUBJECT ADDED ENTRY--TOPICAL TERM
Topical term or geographic name as entry element Repairing
General subdivision Amateurs' manuals.
942 ## - ADDED ENTRY ELEMENTS (KOHA)
Source of classification or shelving scheme Dewey Decimal Classification
Koha item type Books
Holdings
Source of classification or shelving scheme Damaged status Not for loan Home library Current library Shelving location Total Checkouts Full call number Barcode Date last seen Copy number Koha item type
Dewey Decimal Classification     JCC Rouf Library JCC Rouf Library General Stacks   643/.7 STA 1966 12787 03/24/2018 C - 1 Books

JCC Library | Contacts | JCC Home

Last Update on 23 September 2017
Copyright @ 2017-2020 JCC Rouf Library
Rouf Library, Jhenidah Cadet College (JCC), Bangladesh